000 00453nam a2200181Ia 4500
001 2629
005 20260306144821.0
008 260306t2013||||xx |||||||||||||| ||spa||
041 _aESP
082 _a618.92
_bK62 V. 2 S. 18-34
100 _aKliegman, Robert M.
_eAUT
245 0 _aNelson. Tratado de pediatría
260 _c2013
300 _alxiii, páginas : 1296 - 2689
_c18 cm.
650 _aGEN
654 _aCPS
942 _cLIB
_dJUS
_fJUS
_2ddc
_n
999 _c2629
_d2629